Agricultural Finance: (Record no. 1741)
[ view plain ]
| 000 -LEADER | |
|---|---|
| fixed length control field | 00434nam a2200169 4500 |
| 003 - CONTROL NUMBER IDENTIFIER | |
| control field | OSt |
| 005 - DATE AND TIME OF LATEST TRANSACTION | |
| control field | 20210320122710.0 |
| 008 - FIXED-LENGTH DATA ELEMENTS--GENERAL INFORMATION | |
| fixed length control field | 150511b xxu||||| |||| 00| 0 eng d |
| 040 ## - CATALOGING SOURCE | |
| Transcribing agency | 040a |
| 082 ## - DEWEY DECIMAL CLASSIFICATION NUMBER | |
| Classification number | 630 AGR 1998 |
| 100 ## - MAIN ENTRY--PERSONAL NAME | |
| Personal name | Coffey, Elizabeth |
| 9 (RLIN) | 4590 |
| 245 ## - TITLE STATEMENT | |
| Title | Agricultural Finance: |
| Remainder of title | getting the policies right |
| 300 ## - PHYSICAL DESCRIPTION | |
| Extent | ix, 71p : |
| Dimensions | 8 cm. |
| 504 ## - BIBLIOGRAPHY, ETC. NOTE | |
| Bibliography, etc | includes index |
| 650 ## - SUBJECT ADDED ENTRY--TOPICAL TERM | |
| Topical term or geographic name as entry element | Agriculture |
| 9 (RLIN) | 4591 |
| 942 ## - ADDED ENTRY ELEMENTS (KOHA) | |
| Source of classification or shelving scheme | Dewey Decimal Classification |
| Koha item type | Short Loan |
| Withdrawn status | Lost status | Source of classification or shelving scheme | Damaged status | Not for loan | Home library | Current library | Date acquired | Source of acquisition | Inventory number | Total Checkouts | Full call number | Barcode | Date last seen | Koha item type |
|---|---|---|---|---|---|---|---|---|---|---|---|---|---|---|
| Dewey Decimal Classification | MUST Main Library | MUST Main Library | 11/05/2015 | Purchase | 03/18463 | 630 AGR 1998 | 2015-1387 | 11/05/2015 | Short Loan | |||||
| Dewey Decimal Classification | MUST Main Library | MUST Main Library | 11/05/2015 | Purchase | 03/18463 | 630 AGR 1998 | 2015-1388 | 11/05/2015 | Short Loan | |||||
| Dewey Decimal Classification | MUST Main Library | MUST Main Library | 11/05/2015 | Purchase | 03/18464 | 630 AGR 1998 | 2015-1389 | 11/05/2015 | Short Loan |
